| 000 | 00421nam a2200157 4500 | ||
|---|---|---|---|
| 001 | 107616 | ||
| 003 | ES-MaACL | ||
| 005 | 20230906184445.0 | ||
| 007 | t| | ||
| 008 | 061121s1901 fr r ||||1| spa d | ||
| 100 | 1 |
_aMorel-Fatio, Alfred. _983243 |
|
| 245 | 1 | 4 |
_aLas coplas de gallegos / _cAlfred Morel-Fatio. |
| 260 |
_aParĂs : _b[s.n.], _c1901. |
||
| 500 | _a` Bulletin hispanique`. | ||
| 852 |
_aES-MaACL _jT-1346-F-9 |
||
| 999 |
_c107616 _d107616 |
||